000 00622nam a2200169Ia 4500
003 GCL
008 140319s9999 xx 000 0 ara d
040 _aGCL /
_cGCL
082 0 4 _a301.242
_bل م
100 1 _aلويس عوض
245 1 0 _aالمحاورات الجديدة او دليل الرجل الذكى إلى الرجعية والتقدمية وغيرها من المذاهب الفكرية (هدية من الآديب عبدالفتاح الجمل) /
_cلويس عوض
300 _a126
490 _aالكتاب الذهبى
_v0
650 0 4 _aالتقدمية
650 0 4 _aالرجعية
942 _2ddc
_cBK
999 _c40304
_d40304